| 000 | 00867nam a2200241Ia 4500 | ||
|---|---|---|---|
| 003 | GCL | ||
| 008 | 140319s9999 xx 000 0 ara d | ||
| 040 |
_aGCL / _cGCL |
||
| 082 | 0 | 4 |
_a953.07393 _bم م |
| 100 | 1 | _aالمظفر الايوبى : تقى الدين عمر بن شاهنشاه بن ايوب | |
| 245 | 1 | 0 |
_aمضمار الحقائق وسر الخلائق / _cالمظفر الايوبى : تقى الدين عمر بن شاهنشاه بن ايوب |
| 700 | 1 | _aحسن حبشى | |
| 260 |
_a[S.N] : _bعالم الكتب الحديث ، _c1968 |
||
| 300 | _a238 ص | ||
| 490 | _a | ||
| 650 | 0 | 4 | _aالحروب الصليبية |
| 650 | 0 | 4 | _aالتاريخ الاسلامى |
| 650 | 0 | 4 | _aالدولة الايوبية |
| 650 | 0 | 4 | _aصلاح الدين الايوبى |
| 650 | 0 | 4 | _aقراقوش |
| 650 | 0 | 4 | _aالايوبيون |
| 942 |
_2ddc _cBK |
||
| 999 |
_c33061 _d33061 |
||